000 01297nam a22003737a 4500
003 AR-CdUFF
005 20180619123359.0
008 100610s2009 ag||||| ||||z00| 0 spa d
020 _a9789501245554
040 _aAR-CdUFF
_cAR-CdUFF
041 0 _aspa
080 _a173.4
082 1 4 _214
_a363.46
100 1 _93223
_aCarbajal, Mariana
245 1 3 _aEl aborto en debate :
_baportes para una discusión pendiente /
_cMariana Carbajal.
250 _a1a.ed.1a.reimp.
260 _aBuenos Aires :
_bPaidós,
_c2009.
300 _a267 p. ;
_c21 cm.
490 0 _aColección Tramas sociales ;
_v55.
504 _aIncluye referencias bibliográficas.
505 0 _aEl aborto en la Argentina. Argumentos para despenalizar. La discusión parlamentaria. El aborto en primera persona. Camino a la despenalización.
650 1 0 _93224
_aCONTROL DE LA NATALIDAD
_2unescot
650 1 0 _93225
_aABORTO
_2unescot
650 0 _94397
_aDERECHOS DE LA MUJER
_2unescot
650 1 0 _92351
_aDERECHOS REPRODUCTIVOS
_2unescot
651 0 _9326
_aARGENTINA
651 0 _92413
_aCOLOMBIA
651 1 0 _92153
_aMEXICO
651 0 _91332
_aURUGUAY
651 1 0 _92370
_aESPAÑA
653 _aCOLECCION MUJER
942 _2ddc
_cLIBRO
990 _aUniversidad Nacional de Córdoba - Catálogo Unificado de Bibliotec
999 _c2859
_d2859